00545nam a2200193 a 4500001001300000003000900013005001700022008004100039020001200080082001500092100002200107245006400129260003700193300000800230500003500238505002200273650003400295700002200329nice12345678IN_TiNIC20260116012054.0050524s1967 lona grp 000 0 eng  ac241.200a726.5bSMA aSmalley, Stephens aBuilding for Worshipb Biblical Principles in Church Design aLondonbHodder & Stoughtonc1967 a96p aincludes index and biblioraphy2 aIndex of Churches aChurch-Buildings Architecture1 aSmalley, Stephens